Film di Jim Carrey per immagini - Statistics

Statistiche generali
  • Questo quiz è stato fatto 85 volte
  • Il punteggio medio è 9 su 20
Statistiche sulle risposte
con Immagini Risposta % Corretto
The Mask
96%
Il Grinch
95%
The Truman Show
90%
Scemo & più scemo
78%
Una settimana da Dio
77%
Ace Ventura - Missione Africa
69%
Sonic - Il film
52%
Batman Forever
45%
Se mi lasci ti cancello
43%
I pinguini di Mr. Popper
39%
Yes Man
38%
Bugiardo bugiardo
36%
Lemony Snicket - Una serie di sfortunati eventi
30%
Io, me & Irene
23%
Kick-Ass 2
12%
Number 23
12%
Dick & Jane - Operazione furto
9%
Man on the Moon
8%
Anchorman 2 - Fotti la notizia
4%
Dark Crimes
3%
Nessun quiz corrispondente trovato
Distribuzione punteggi
Percentuale di utenti per punteggio
Percentile per numero di risposta
I tuoi punteggi nel tempo
Non hai fatto questo quiz